MARC details
| 000 -CABECERA |
| campo de control de longitud fija |
00828nam a2200229 a 4500 |
| 001 - NÚMERO DE CONTROL |
| campo de control |
000029357 |
| 003 - IDENTIFICADOR DEL NÚMERO DE CONTROL |
| campo de control |
DO-SdBNP |
| 005 - FECHA Y HORA DE LA ÚLTIMA TRANSACCIÓN |
| campo de control |
20220921095326.0 |
| 007 - CAMPO FIJO DE DESCRIPCIÓN FÍSICA--INFORMACIÓN GENERAL |
| campo de control de longitud fija |
ta |
| 008 - DATOS DE LONGITUD FIJA--INFORMACIÓN GENERAL |
| campo de control de longitud fija |
110415s2017 dr 000 0 spa d |
| 040 ## - FUENTE DE LA CATALOGACIÓN |
| Centro catalogador/agencia de origen |
DO-SdBNP |
| Lengua de catalogación |
spa |
| Centro/agencia transcriptor |
BNPHU |
| 082 ## - NÚMERO DE LA CLASIFICACIÓN DECIMAL DEWEY |
| Número de clasificación |
700.79 |
| Número de documento/Ítem |
F418m |
| 111 2# - ENTRADA PRINCIPAL--NOMBRE DE CONGRESO/REUNIÓN |
| Nombre de congreso/reunión o jurisdicción como elemento de entrada |
Festival musical de Santo Domingo |
| Número del congreso/reunión o número de parte o sección |
11) |
| Fecha del congreso/reunión |
(2017: |
| Sede del congreso/Lugar de la reunión |
Santo Domingo) |
| 9 (RLIN) |
56232 |
| 245 10 - MENCIÓN DE TÍTULO |
| Título |
11 Festival musical de Santo Domingo / |
| Mención de responsabilidad, etc. |
José Antonio Molina |
| 246 1# - FORMA VARIANTE DE TÍTULO |
| Título propio/Titulo breve |
Décimo primero festival musical de Santo Domingo : |
| Resto del título |
novena sinfonía de Beethoven |
| 260 ## - PUBLICACIÓN, DISTRIBUCIÓN, ETC. |
| Lugar de publicación, distribución, etc. |
Santo Domingo : |
| Nombre del editor, distribuidor, etc. |
Vicepresidencia de la República, |
| Fecha de publicación, distribución, etc. |
2017 |
| Nombre del editor, distribuidor, etc. |
Fundación Sinfonía |
| 300 ## - DESCRIPCIÓN FÍSICA |
| Extensión |
[24] p. : |
| Otras características físicas |
il. ; |
| Dimensiones |
22 cm. |
| 590 ## - NOTA LOCAL (RLIN) |
| Nota local |
Inventariado, 2022 / DG |
| 650 #4 - PUNTO DE ACCESO ADICIONAL DE MATERIA--TÉRMINO DE MATERIA |
| Término de materia o nombre geográfico como elemento de entrada |
Festivales musicales |
| Subdivisión general |
Santo Domingo |
| Subdivisión geográfica |
República Dominicana |
| 9 (RLIN) |
82411 |
| 910 ## - DATOS DE OPCIÓN DEL USUARIO (OCLC) |
| Datos de opción del usuario |
DG |
| 942 ## - ELEMENTOS DE PUNTO DE ACCESO ADICIONAL (KOHA) |
| Fuente del sistema de clasificación o colocación |
Dewey Decimal Classification |
| Tipo de ítem Koha |
Folleto |